Pokémon - Les attaques de Lapyro - Statistiques

Statistiques générales
  • Ce quiz a été pris 17 fois
  • Le résultat moyen est 8 sur 11
Statistiques - réponses
Niveaux Types Noms des attaques % Correct
Départ Feu Flammèche
100%
Départ Normal Charge
91%
Départ Normal Rugissement
91%
Niveau 12 Combat Double Pied
82%
Niveau 19 Feu Nitrocharge
82%
Niveau 42 Vol Rebond
82%
Départ Normal Vive-Attaque
64%
Niveau 48 Normal Damoclès
55%
Niveau 24 Psy Hâte
55%
Niveau 30 Normal Coup d'Boule
36%
Niveau 36 Combat Riposte
36%
Aucun quiz correspondant
Distribution des résultats
% des personnes avec chaque résultat
Percentile par nombre de réponses
Votre historique - résultats
Vous n’avez pas pris ce quiz